Proyecto Monitoreo Participativo (Registro nro. 6393)

Detalles MARC
000 -CABECERA
Campo de control 00969nam a2200265 a 4500
005 - FECHA Y HORA DE LA ULTIMA TRANSACCION
Campo de control 20180305144041.0
008 - ELEMENTOS DE LONGITUD FIJA—INFORMACION GENERAL
Campo de control 140128b2007 ck ||||| |||| 00| 0 spa d
040 ## - FUENTE DE CATALOGACIÓN
Agencia catalogadora original CO-BoIAVH
Agencia transcriptora CO-BoIAVH
041 ## - IDIOMA
Código de idioma para texto/pista de sonido o título separado Español
044 ## - PAÍS DE PUBLICACIÓN
País de publicación Colombia
090 ## - CLASIFICACIÓN LOCAL
Colección FH
Consecutivo 04
100 ## - ASIENTO PRINCIPAL--NOMBRE PERSONAL
Nombre personal Valderrama B., Mauricio
9 (RLIN) 5419
245 ## - MENCION DE TITULO
Título Proyecto Monitoreo Participativo
Parte restante del título pesca
260 ## - PUBLICACION, DISTRIBUCION, ETC. (PIE DE IMPRENTA)
Lugar de publicación, distribución, etc. Bogotá
Nombre del editor, distribuidor, etc. Instituto Alexander von Humboldt
-- Fundación Humedales
Fecha de publicación, distribución, etc. 2007
300 ## - DESCRIPCION FISICA
Extensión Plegable
520 ## - NOTA DE RESUMEN, ETC.
Nota de resumen Contiene información sobre el monitorero participativo, específicamente para el tema de pesca. Tienen objetivos, los aspectos a monitorear, indicadores y la metodología general
650 ## - ASIENTO SECUNDARIO DE MATERIA - TERMINO TEMATICO
Término temático o nombre geográfico como elemento de entrada Plegable
9 (RLIN) 5420
650 ## - ASIENTO SECUNDARIO DE MATERIA - TERMINO TEMATICO
Término temático o nombre geográfico como elemento de entrada Pesca
9 (RLIN) 90109
650 ## - ASIENTO SECUNDARIO DE MATERIA - TERMINO TEMATICO
Término temático o nombre geográfico como elemento de entrada Proyecto monitoreo participativo
9 (RLIN) 90110
650 ## - ASIENTO SECUNDARIO DE MATERIA - TERMINO TEMATICO
Término temático o nombre geográfico como elemento de entrada Proyecto monitoreo participativo
9 (RLIN) 90110
650 ## - ASIENTO SECUNDARIO DE MATERIA - TERMINO TEMATICO
Término temático o nombre geográfico como elemento de entrada Proyecto monitoreo participativo
9 (RLIN) 90110
700 ## - ASIENTO SECUNDARIO - NOMBRE PERSONAL
Nombre personal Hernández B., Sandra
9 (RLIN) 5424
942 ## - ELEMENTOS ADICIONALES (KOHA)
Tipo de ítem Folleto
Sistema de clasificación Local
945 ## - PROCESAMIENTO LOCAL
AAAA-MM-DD - Fecha de ingreso o modificacion 2008-07-14
Existencias
Withdrawn status Lost status Sistema de Clasificación Damaged status No para préstamo Colección Ubicación Permanente Ubicación actual Fecha de adquisición Total Checkouts Número topográfico Inventario / Código de Barras Date last seen Ejemplar Price effective from Forma de adquisición Tipo de material Public note Date checked out
    Local     Humboldt Bogotá Bogotá 14/07/2008   FH-004 026130 04/12/2012 Ej. 1 04/12/2012 Institucional Folleto Pesca  
    Local     Hemeroteca Bogotá Bogotá 05/03/2018 1 FH-004 043192 08/10/2018 Ej. 2 05/03/2018 Institucional Folleto   04/10/2018
    Local     Referencia Villa de Leyva Villa de Leyva 14/07/2008   IAVH-00804 026131 04/12/2012 Ej. 1 04/12/2012 Institucional Folleto